| 000 | 00000nam##2200000za#4500 |
| 001 | 9.601523 |
| 003 | CaOODSP |
| 005 | 20210624210120 |
| 007 | cr ||||||||||| |
| 008 | 150406|2008||||xxc|||||o f|0| 0 fre|d |
| 022 | |a1919-5117 |
| 040 | |aCaOODSP|bfre |
| 043 | |an-cn--- |
| 086 | 1 |aFs70-6/2008-059F-PDF |
| 110 | 1 |aCanada. |bMinistère des pêches et des océans. |bRégion du golfe. |
| 245 | 10|aÉvaluation écologique de la mousse d'Irlande (Chondrus crispus) de la zone de protection marine basin head |h[ressource électronique] |
| 246 | 17|aRégion du Golfe : mousse d'Irlande de la ZPM basin head |
| 260 | |aMoncton - Nouveau-Brunswick : |bPêches et Océans Canada. |cFévrier 2009. |
| 300 | |a18p.|bill. en couleur, graphiques, cartes (certaines en couleur), références, photographies |
| 490 | 1 |aSecrétariat canadien de consultation scientifique, avis scientifique |x1919-5117|v2008/059, Région du Golfe |
| 590 | |a11-21-Supp|b2011-09-30 |
| 775 | 08|tEcological assessment of Irish moss (Chondrus crispus) in basin head marine protected area |w(CaOODSP)9.570879 |
| 830 | #0|aAvis scientifique (Secrétariat canadien de consultation scientifique)|x1919-5117|v2008/059, Région du Golfe|w(CaOODSP)9.502624 |
| 856 | 40|ahttp://publications.gc.ca|qPDF|s290 Ko|uhttps://publications.gc.ca/collections/collection_2011/mpo-dfo/Fs70-6-2008-059-fra.pdf|y2008/059, Région du Golfe |